| 000 | 00597nab a2200193 4500 | ||
|---|---|---|---|
| 999 |
_c217402 _d217402 |
||
| 001 | 241510 | ||
| 003 | OSt | ||
| 005 | 20210617135424.0 | ||
| 007 | tu | ||
| 008 | 181122s2018||||||| | ||
| 040 |
_aDE-2950 _cDE-2950 |
||
| 245 | 0 | 0 |
_aGute Pflege. Manche Reparatur. _bJubiläum: Nach 50 Jahren als Meister denkt KFZ-Elektriker Siegfried Puls aus Güldendorf darüber nach, kürzer zu treten .../ _cMirko Schwanitz |
| 264 | _c2021 | ||
| 653 | _aFrankfurt (Oder) | ||
| 653 | _aHandwerk | ||
| 653 | _aSigfried Puls Fahrzeugelektrik | ||
| 773 | 0 |
_g04/2021, S. 48 _tDeutsches Handwerksblatt |
|
| 942 |
_2z _cA |
||